| 000 | 00732nam a22002657a 4500 | ||
|---|---|---|---|
| 003 | CHAP | ||
| 005 | 20220329134547.0 | ||
| 008 | 971013s1963 r 00010 d | ||
| 010 | _a22212 | ||
| 011 | _a23184 | ||
| 035 | _a27279 | ||
| 040 | _cCHAP | ||
| 082 |
_a638.13 _bC6 |
||
| 110 |
_aColombia. Ministerio de Agricultura _925377 |
||
| 245 | _aDiccionario de apicultura | ||
| 260 |
_aBogotá : _bEl Ministerio, _c1963 |
||
| 300 | _a19 p. | ||
| 500 | _aMimeógrafo | ||
| 590 |
_aBATCH-UPD _b10 _c20130109 _lUCH01 _h2332 |
||
| 590 |
_aCONVERSION _b10 _c20130109 _lUCH01 _h1313 |
||
| 650 | 1 | 4 |
_aApicultura _xDiccionarios. _96256 |
| 901 | _aBK | ||
| 942 | _cLIBRO | ||
| 949 |
_a638.13 C6 _bBC _cC _d33724000617767 _eC _h26049 _i27279 _si |
||
| 999 |
_c22212 _d22212 |
||